Magyarországi családi vállalkozások generációváltásának nehézségei és a sikeres átadás elősegítésének lehetőségei

Bibliográfiai részletek
Szerző: Havellant-Szászi dr. Vivien
További közreműködők: Heidrich Dr. Balázs
Dokumentumtípus: Diplomadolgozat
Kulcsszavak:Generációváltás
Családi vállalkozások
Öröklés
Online Access:http://dolgozattar.uni-bge.hu/16933

MARC

LEADER 00000nta a2200000 i 4500
001 dolg16933
005 20180516084442.0
008 180516suuuu hu om 000 hun d
040 |a BGE Dolgozattár Repozitórium  |b hun 
041 |a hu 
100 1 |a Havellant-Szászi dr. Vivien 
245 1 0 |a Magyarországi családi vállalkozások generációváltásának nehézségei és a sikeres átadás elősegítésének lehetőségei  |c Havellant-Szászi dr. Vivien  |h [elektronikus dokumentum] 
695 |a Generációváltás  
695 |a Családi vállalkozások 
695 |a Öröklés 
700 1 |a Heidrich Dr. Balázs  |e ths 
856 4 0 |u http://dolgozattar.uni-bge.hu/16933/1/Havellant-Sz%C3%A1szi%20Vivien%20szakdolgozat%202018..pdf  |z Dokumentum-elérés